Northern lights (Record no. 105546)

MARC details
000 -LEADER
fixed length control field 01570cam a2200229 4500
001 - CONTROL NUMBER
control field ##L134108
008 - FIXED-LENGTH DATA ELEMENTS--GENERAL INFORMATION
fixed length control field 060710n2006 000 0 eng u
035 ## - SYSTEM CONTROL NUMBER
System control number (Sirsi) u134108
041 0# - LANGUAGE CODE
Language code of text/sound track or separate title eng
050 04 - LIBRARY OF CONGRESS CALL NUMBER
Classification number 306.52 $2 18
100 1# - MAIN ENTRY--PERSONAL NAME
Personal name Cope, Helen
245 00 - TITLE STATEMENT
Title Northern lights
Remainder of title housing associations investing in neighbourhoods in the North
Medium [electronic resource]
260 ## - PUBLICATION, DISTRIBUTION, ETC.
Place of publication, distribution, etc. London
Name of publisher, distributor, etc. National Housing Federation
Date of publication, distribution, etc. 2006
520 ## - SUMMARY, ETC.
Summary, etc. Highlights the vital contribution that housing associations make to the economy and quality of life in northern England. Examines the housing association's record in delivering community investment by assembling an evidence base for the period 2003-08 which considers the extent to which northern housing associations have responded to government regeneration and sustainability agendas, quantifies the sector's record in neighbourhood and community investment and assesses to what extent associations are investing in four of the key priorities set out in the Northern Way business plan. Concludes that housing associations add value by delivering more than housing regeneration alone. Select bibliography.
590 ## - LOCAL NOTE (RLIN)
Local note IKA180706
651 #4 - SUBJECT ADDED ENTRY--GEOGRAPHIC NAME
Geographic name NORTHERN ENGLAND
690 ## - LOCAL SUBJECT ADDED ENTRY--TOPICAL TERM (OCLC, RLIN)
Topical term or geographic name as entry element PROPERTY-RESIDENTIAL PROPERTY-RESIDENTIAL PROPERTY FINANCE AND INVESTMENT
700 1# - ADDED ENTRY--PERSONAL NAME
Personal name Irons, Nicola
710 2# - ADDED ENTRY--CORPORATE NAME
Corporate name or jurisdiction name as entry element National Housing Federation North
856 40 - ELECTRONIC LOCATION AND ACCESS
Uniform Resource Identifier <a href="https://www.ignite-ne.com/ignite/Documents-hvstr.nsf/0/558ED91DECA6464B802571CD003ACFCE/$file/northernlights.pdf">https://www.ignite-ne.com/ignite/Documents-hvstr.nsf/0/558ED91DECA6464B802571CD003ACFCE/$file/northernlights.pdf</a>
Public note View the report free of charge at www.ignite-ne.com
942 ## - ADDED ENTRY ELEMENTS (KOHA)
Suppress in OPAC 0
Holdings
Withdrawn status Lost status Source of classification or shelving scheme Damaged status Not for loan Home library Current library Shelving location Date acquired Total Checkouts Full call number Barcode Date last seen Copy number Price effective from Koha item type
    Dewey Decimal Classification     Virtual Virtual Online 10/07/2006   ONLINE PUBLICATION 134108-2001 06/08/2019 1 06/08/2019 Book